Test de Mémoire Visuelle - Emojis Aléatoires - Statistiques

Statistiques générales
  • Ce quiz a été pris 109 285 fois
  • Le résultat moyen est 7 sur 16
Réponses sur la Carte
Les réponses sont colorées sur une échelle allant du rouge au vert en fonction du pourcentage des utilisateurs qui les ont devinées à leur premier essai. Vous pouvez retrouver ces pourcentages ci-dessous.
 
Statistiques - réponses
RÉPONSES % Correct
docteur
83%
père noël
80%
grenouille
78%
licorne
76%
montagne
75%
tigre
67%
chameau
66%
stop
66%
cochon
64%
hôtel
61%
États-Unis
59%
gorille
59%
échelle
58%
fenêtre
58%
rose
58%
crocodile
57%
cactus
55%
amour
54%
ballon
53%
53%
arc-en-ciel
52%
chien
51%
artiste
50%
pied
50%
éléphant
49%
serpent
49%
bouche
48%
couronne
48%
hache
48%
singe
48%
carotte
47%
cheval
47%
ninja
47%
chef
46%
girafe
46%
main
46%
vache
46%
coccinelle
45%
lapin
45%
parapluie
45%
bicyclette
44%
bougie
44%
clé
44%
diamant
44%
poisson
44%
vague
44%
avion
43%
sorcier
43%
souris
43%
chaise
42%
pomme
42%
sparadrap
42%
arbre
41%
cerise
41%
ciseaux
41%
kangourou
41%
mouton
41%
paon
41%
lit
40%
musique
40%
araignée
39%
basket-ball
39%
os
39%
yeux
39%
applaudir
38%
baleine
38%
cadenas
38%
chauve-souris
38%
crayon
38%
lune
38%
raisin
38%
raton laveur
38%
requin
38%
scie
38%
canard
37%
cloche
37%
escargot
37%
maïs
37%
tortue
37%
ampoule
36%
abeille
35%
boomerang
35%
bateau
34%
courrier
34%
oreille
34%
poulet
34%
citrouille
32%
flamant
32%
pingouin
32%
caméra
30%
hélicoptère
30%
Téléphone
30%
fusée
29%
Aucun quiz correspondant
Distribution des résultats
% des personnes avec chaque résultat
Percentile par nombre de réponses
Votre historique - résultats
Vous n’avez pas pris ce quiz